| 000 | 01802nam0a2200361 4500 | ||
|---|---|---|---|
| 001 | RU\NLR\bibl\69391 | ||
| 005 | 20260412063943.0 | ||
| 010 |
_a5-230-03704-0 _9100 |
||
| 021 |
_aRU _b1999-30213 _91475 |
||
| 035 | _a(NLR Aleph) 000067693 | ||
| 090 |
_a371772 _c371772 |
||
| 100 | _a20000209d1999 |||y0rusy50 ca | ||
| 101 | 0 | _arus | |
| 102 | _aRU | ||
| 105 | _ab ||||||||| | ||
| 200 | 1 |
_aПочвоведение _eУчеб. пособие по дисциплине "Наука о Земле" _f[А.А. Околелова, Г.С. Егорова] _gМ-во общ. и проф. образования Рос. Федерации, Волгогр. гос. техн. ун-т. Каф. пром. экологии и безопасности жизнедеятельности |
|
| 210 |
_aВолгоград _cВолгГТУ _d1999 |
||
| 215 |
_a35 с. _cил. _d19 |
||
| 320 | _aБиблиогр.: с. 34 (13 назв.) | ||
| 606 | 0 |
_aПочвоведение _jРуководства, пособия и т.п. _91086020 _3RU\NLR\auth\66106273 |
|
| 606 | 0 |
_aПочвоведение _jУчебные издания для высшей школы _91086020 _3RU\NLR\auth\66106273 |
|
| 686 | _aП03я73 | ||
| 700 | 1 |
_aОколелова _bА. А. _f1953- _gАлла Ароновна _4070 |
|
| 701 | 1 |
_4070 _8rus _7ca _aЕгорова _bГ. С. _cд-р с.-х. наук _gГалина Сергеевна _3RU\NLR\auth\7728835 _911865 |
|
| 712 | 0 | 2 |
_4570 _aВолгоградский государственный технический университет _3RU\NLR\AUTH\886978 _9285933 |
| 801 | 0 |
_aRU _bNLR _c20000209 _gPSBO |
|
| 801 | 1 |
_aRU _bNLR _c20000209 |
|
| 830 | _aАвт. раскрыты по кн. | ||
| 852 |
_aNLR _j99-4/9736 |
||
| 942 | _cBOOK | ||
| 980 | _aNB | ||